000 00332 a2200109 4500
082 _a627.52 ALI
100 _aDr.Iqbal Ali
245 _aIrrigation and Hydraulic Structures : Theory,Design and Practice /
_cDr. Iqbal Ali
250 _a3rd.ed.
260 _aLahore :
_cAllied Book Company,
_b2007
300 _a506p. :
_bill . ;
_c25cm
650 _ahydraulic structure
999 _c1594
_d1594